000 00506nam a2200205Ia 4500
005 20250923144317.0
008 008 250917s9999 xx 000 0 eng d
037 _aTextual
040 _aDSWL
_beng
_cDSWL
041 _aeng
_2eng
084 _qDSWL
100 _aIngram, I.
_9823518
245 0 _aStudy village India
_cby I. Ingram
260 _aLondon
_bC.S.S.M.
_c1942
300 _a117 p.
365 _aINR
_b3
925 _g3
942 _cTEXL
999 _c1437293
_d1437293